<?xml version="1.0" encoding="UTF-8"?>
<record
    xmlns:xsi="http://www.w3.org/2001/XMLSchema-instance"
    xsi:schemaLocation="http://www.loc.gov/MARC21/slim http://www.loc.gov/standards/marcxml/schema/MARC21slim.xsd"
    xmlns="http://www.loc.gov/MARC21/slim">

  <leader>00404nam a22001817a 4500</leader>
  <controlfield tag="005">20251122140613.0</controlfield>
  <datafield tag="020" ind1=" " ind2=" ">
    <subfield code="a">9788126515547</subfield>
  </datafield>
  <datafield tag="020" ind1=" " ind2=" ">
    <subfield code="a">9780632054596</subfield>
  </datafield>
  <datafield tag="020" ind1=" " ind2=" ">
    <subfield code="a">9780632052936</subfield>
  </datafield>
  <datafield tag="082" ind1=" " ind2=" ">
    <subfield code="a">546 </subfield>
    <subfield code="b">LEE</subfield>
  </datafield>
  <datafield tag="100" ind1=" " ind2=" ">
    <subfield code="a">Lee, J.D</subfield>
    <subfield code="9">70</subfield>
  </datafield>
  <datafield tag="245" ind1=" " ind2=" ">
    <subfield code="a">Concise Inorganic Chemistry/</subfield>
  </datafield>
  <datafield tag="250" ind1=" " ind2=" ">
    <subfield code="a">5 ed</subfield>
  </datafield>
  <datafield tag="260" ind1=" " ind2=" ">
    <subfield code="a">India</subfield>
    <subfield code="b">Wiley</subfield>
    <subfield code="c">2009</subfield>
  </datafield>
  <datafield tag="300" ind1=" " ind2=" ">
    <subfield code="a">1031</subfield>
  </datafield>
  <datafield tag="650" ind1=" " ind2=" ">
    <subfield code="a">Chemistry</subfield>
    <subfield code="a">Inorganic</subfield>
    <subfield code="9">313</subfield>
  </datafield>
  <datafield tag="942" ind1=" " ind2=" ">
    <subfield code="c">BK</subfield>
  </datafield>
  <datafield tag="999" ind1=" " ind2=" ">
    <subfield code="c">7</subfield>
    <subfield code="d">7</subfield>
  </datafield>
  <datafield tag="952" ind1=" " ind2=" ">
    <subfield code="0">0</subfield>
    <subfield code="1">0</subfield>
    <subfield code="7">0</subfield>
    <subfield code="8">NFIC</subfield>
    <subfield code="a">IC</subfield>
    <subfield code="b">IC</subfield>
    <subfield code="c">GEN</subfield>
    <subfield code="d">2015-02-07</subfield>
    <subfield code="g">2380.00</subfield>
    <subfield code="l">37</subfield>
    <subfield code="o">546 LEE</subfield>
    <subfield code="p">006366</subfield>
    <subfield code="r">2022-11-17 00:00:00</subfield>
    <subfield code="s">2020-02-29</subfield>
    <subfield code="v">812.50</subfield>
    <subfield code="w">2015-02-07</subfield>
    <subfield code="y">BINDING </subfield>
  </datafield>
  <datafield tag="952" ind1=" " ind2=" ">
    <subfield code="0">0</subfield>
    <subfield code="1">0</subfield>
    <subfield code="7">0</subfield>
    <subfield code="8">NFIC</subfield>
    <subfield code="a">IC</subfield>
    <subfield code="b">IC</subfield>
    <subfield code="c">GEN</subfield>
    <subfield code="d">2015-02-11</subfield>
    <subfield code="g">2380.00</subfield>
    <subfield code="l">40</subfield>
    <subfield code="m">1</subfield>
    <subfield code="o">546 LEE</subfield>
    <subfield code="p">006734</subfield>
    <subfield code="r">2025-09-02 12:58:50</subfield>
    <subfield code="s">2025-08-19</subfield>
    <subfield code="v">812.50</subfield>
    <subfield code="y">BK</subfield>
  </datafield>
  <datafield tag="952" ind1=" " ind2=" ">
    <subfield code="0">0</subfield>
    <subfield code="1">0</subfield>
    <subfield code="7">0</subfield>
    <subfield code="a">IC</subfield>
    <subfield code="b">IC</subfield>
    <subfield code="c">GEN</subfield>
    <subfield code="d">2015-02-11</subfield>
    <subfield code="g">2380.00</subfield>
    <subfield code="l">61</subfield>
    <subfield code="m">7</subfield>
    <subfield code="o">546 LEE</subfield>
    <subfield code="p">004935</subfield>
    <subfield code="q">2026-06-20</subfield>
    <subfield code="r">2026-06-06 09:44:21</subfield>
    <subfield code="s">2026-06-06</subfield>
    <subfield code="v">812.50</subfield>
    <subfield code="y">BK</subfield>
  </datafield>
  <datafield tag="952" ind1=" " ind2=" ">
    <subfield code="0">0</subfield>
    <subfield code="1">0</subfield>
    <subfield code="7">0</subfield>
    <subfield code="a">IC</subfield>
    <subfield code="b">IC</subfield>
    <subfield code="c">GEN</subfield>
    <subfield code="d">2015-02-11</subfield>
    <subfield code="g">2380.00</subfield>
    <subfield code="l">0</subfield>
    <subfield code="o">546 LEE</subfield>
    <subfield code="p">003595</subfield>
    <subfield code="r">2015-02-11 00:00:00</subfield>
    <subfield code="v">812.50</subfield>
    <subfield code="y">REF</subfield>
  </datafield>
  <datafield tag="952" ind1=" " ind2=" ">
    <subfield code="0">0</subfield>
    <subfield code="1">0</subfield>
    <subfield code="7">0</subfield>
    <subfield code="a">IC</subfield>
    <subfield code="b">IC</subfield>
    <subfield code="c">GEN</subfield>
    <subfield code="d">2015-02-11</subfield>
    <subfield code="g">2380.00</subfield>
    <subfield code="l">40</subfield>
    <subfield code="m">5</subfield>
    <subfield code="o">546 LEE</subfield>
    <subfield code="p">005524</subfield>
    <subfield code="r">2025-11-09 14:58:09</subfield>
    <subfield code="s">2025-10-23</subfield>
    <subfield code="v">812.50</subfield>
    <subfield code="y">BK</subfield>
  </datafield>
  <datafield tag="952" ind1=" " ind2=" ">
    <subfield code="0">0</subfield>
    <subfield code="1">0</subfield>
    <subfield code="7">0</subfield>
    <subfield code="a">IC</subfield>
    <subfield code="b">IC</subfield>
    <subfield code="c">GEN</subfield>
    <subfield code="d">2015-02-11</subfield>
    <subfield code="g">2380.00</subfield>
    <subfield code="l">13</subfield>
    <subfield code="o">546 LEE</subfield>
    <subfield code="p">001800</subfield>
    <subfield code="r">2022-11-17 00:00:00</subfield>
    <subfield code="s">2020-03-12</subfield>
    <subfield code="v">812.50</subfield>
    <subfield code="y">BK</subfield>
  </datafield>
  <datafield tag="952" ind1=" " ind2=" ">
    <subfield code="0">0</subfield>
    <subfield code="1">0</subfield>
    <subfield code="7">0</subfield>
    <subfield code="a">IC</subfield>
    <subfield code="b">IC</subfield>
    <subfield code="c">GEN</subfield>
    <subfield code="d">2015-02-11</subfield>
    <subfield code="g">2380.00</subfield>
    <subfield code="l">39</subfield>
    <subfield code="m">4</subfield>
    <subfield code="o">546 LEE</subfield>
    <subfield code="p">003889</subfield>
    <subfield code="r">2025-09-02 12:42:15</subfield>
    <subfield code="s">2025-08-13</subfield>
    <subfield code="v">812.50</subfield>
    <subfield code="y">BK</subfield>
  </datafield>
  <datafield tag="952" ind1=" " ind2=" ">
    <subfield code="0">0</subfield>
    <subfield code="1">0</subfield>
    <subfield code="7">0</subfield>
    <subfield code="a">IC</subfield>
    <subfield code="b">IC</subfield>
    <subfield code="c">GEN</subfield>
    <subfield code="d">2015-02-11</subfield>
    <subfield code="g">2380.00</subfield>
    <subfield code="l">42</subfield>
    <subfield code="m">8</subfield>
    <subfield code="o">546 LEE</subfield>
    <subfield code="p">005458</subfield>
    <subfield code="r">2026-05-21 06:18:23</subfield>
    <subfield code="s">2026-05-20</subfield>
    <subfield code="v">812.50</subfield>
    <subfield code="y">BK</subfield>
  </datafield>
  <datafield tag="952" ind1=" " ind2=" ">
    <subfield code="0">0</subfield>
    <subfield code="1">0</subfield>
    <subfield code="7">0</subfield>
    <subfield code="a">IC</subfield>
    <subfield code="b">IC</subfield>
    <subfield code="c">GEN</subfield>
    <subfield code="d">2015-02-11</subfield>
    <subfield code="g">2380.00</subfield>
    <subfield code="l">34</subfield>
    <subfield code="m">4</subfield>
    <subfield code="o">546 LEE</subfield>
    <subfield code="p">005939</subfield>
    <subfield code="r">2025-08-30 12:21:09</subfield>
    <subfield code="s">2025-08-18</subfield>
    <subfield code="v">812.50</subfield>
    <subfield code="y">BK</subfield>
  </datafield>
  <datafield tag="952" ind1=" " ind2=" ">
    <subfield code="0">0</subfield>
    <subfield code="1">0</subfield>
    <subfield code="7">0</subfield>
    <subfield code="a">IC</subfield>
    <subfield code="b">IC</subfield>
    <subfield code="c">GEN</subfield>
    <subfield code="d">2015-02-11</subfield>
    <subfield code="g">2380.00</subfield>
    <subfield code="l">0</subfield>
    <subfield code="o">546 LEE</subfield>
    <subfield code="p">004626</subfield>
    <subfield code="r">2015-02-11 00:00:00</subfield>
    <subfield code="v">812.50</subfield>
    <subfield code="y">REF</subfield>
  </datafield>
  <datafield tag="952" ind1=" " ind2=" ">
    <subfield code="0">0</subfield>
    <subfield code="1">0</subfield>
    <subfield code="7">0</subfield>
    <subfield code="a">IC</subfield>
    <subfield code="b">IC</subfield>
    <subfield code="c">GEN</subfield>
    <subfield code="d">2015-02-11</subfield>
    <subfield code="g">2380.00</subfield>
    <subfield code="l">51</subfield>
    <subfield code="m">3</subfield>
    <subfield code="o">546 LEE</subfield>
    <subfield code="p">005523</subfield>
    <subfield code="r">2026-05-21 06:19:17</subfield>
    <subfield code="s">2026-05-07</subfield>
    <subfield code="v">812.50</subfield>
    <subfield code="y">BK</subfield>
  </datafield>
  <datafield tag="952" ind1=" " ind2=" ">
    <subfield code="0">0</subfield>
    <subfield code="1">0</subfield>
    <subfield code="7">0</subfield>
    <subfield code="a">IC</subfield>
    <subfield code="b">IC</subfield>
    <subfield code="c">GEN</subfield>
    <subfield code="d">2015-02-11</subfield>
    <subfield code="g">2380.00</subfield>
    <subfield code="l">0</subfield>
    <subfield code="o">546 LEE</subfield>
    <subfield code="p">005057</subfield>
    <subfield code="r">2015-02-11 00:00:00</subfield>
    <subfield code="v">812.50</subfield>
    <subfield code="y">REF</subfield>
  </datafield>
  <datafield tag="952" ind1=" " ind2=" ">
    <subfield code="0">0</subfield>
    <subfield code="1">0</subfield>
    <subfield code="7">0</subfield>
    <subfield code="a">IC</subfield>
    <subfield code="b">IC</subfield>
    <subfield code="c">GEN</subfield>
    <subfield code="d">2015-02-11</subfield>
    <subfield code="g">2380.00</subfield>
    <subfield code="l">33</subfield>
    <subfield code="m">8</subfield>
    <subfield code="o">546 LEE</subfield>
    <subfield code="p">006514</subfield>
    <subfield code="r">2026-01-04 14:47:21</subfield>
    <subfield code="s">2025-12-13</subfield>
    <subfield code="v">812.50</subfield>
    <subfield code="y">BK</subfield>
  </datafield>
  <datafield tag="952" ind1=" " ind2=" ">
    <subfield code="0">0</subfield>
    <subfield code="1">0</subfield>
    <subfield code="7">0</subfield>
    <subfield code="a">IC</subfield>
    <subfield code="b">IC</subfield>
    <subfield code="c">GEN</subfield>
    <subfield code="d">2015-02-11</subfield>
    <subfield code="g">2380.00</subfield>
    <subfield code="l">38</subfield>
    <subfield code="m">8</subfield>
    <subfield code="o">546 LEE</subfield>
    <subfield code="p">005058</subfield>
    <subfield code="r">2025-12-21 14:39:25</subfield>
    <subfield code="s">2025-11-23</subfield>
    <subfield code="v">812.50</subfield>
    <subfield code="y">BK</subfield>
  </datafield>
  <datafield tag="952" ind1=" " ind2=" ">
    <subfield code="0">0</subfield>
    <subfield code="1">0</subfield>
    <subfield code="7">0</subfield>
    <subfield code="a">IC</subfield>
    <subfield code="b">IC</subfield>
    <subfield code="c">GEN</subfield>
    <subfield code="d">2015-02-11</subfield>
    <subfield code="g">2380.00</subfield>
    <subfield code="l">0</subfield>
    <subfield code="o">546 LEE</subfield>
    <subfield code="p">003886</subfield>
    <subfield code="r">2015-07-19 00:00:00</subfield>
    <subfield code="v">812.50</subfield>
    <subfield code="y">REF</subfield>
  </datafield>
  <datafield tag="952" ind1=" " ind2=" ">
    <subfield code="0">0</subfield>
    <subfield code="1">0</subfield>
    <subfield code="7">0</subfield>
    <subfield code="a">IC</subfield>
    <subfield code="b">IC</subfield>
    <subfield code="c">GEN</subfield>
    <subfield code="d">2015-02-11</subfield>
    <subfield code="g">2380.00</subfield>
    <subfield code="l">14</subfield>
    <subfield code="o">546 LEE</subfield>
    <subfield code="p">001526</subfield>
    <subfield code="r">2022-11-17 00:00:00</subfield>
    <subfield code="s">2019-03-20</subfield>
    <subfield code="v">812.50</subfield>
    <subfield code="y">BK</subfield>
  </datafield>
  <datafield tag="952" ind1=" " ind2=" ">
    <subfield code="0">0</subfield>
    <subfield code="1">0</subfield>
    <subfield code="7">0</subfield>
    <subfield code="8">REF</subfield>
    <subfield code="a">IC</subfield>
    <subfield code="b">IC</subfield>
    <subfield code="c">GEN</subfield>
    <subfield code="d">2015-02-11</subfield>
    <subfield code="g">2380.00</subfield>
    <subfield code="l">0</subfield>
    <subfield code="o">546 LEE</subfield>
    <subfield code="p">002073</subfield>
    <subfield code="r">2015-02-11 00:00:00</subfield>
    <subfield code="v">812.50</subfield>
    <subfield code="y">REF</subfield>
  </datafield>
  <datafield tag="952" ind1=" " ind2=" ">
    <subfield code="0">0</subfield>
    <subfield code="1">0</subfield>
    <subfield code="7">0</subfield>
    <subfield code="a">IC</subfield>
    <subfield code="b">IC</subfield>
    <subfield code="c">GEN</subfield>
    <subfield code="d">2015-02-11</subfield>
    <subfield code="g">2380.00</subfield>
    <subfield code="l">30</subfield>
    <subfield code="m">8</subfield>
    <subfield code="o">546 LEE</subfield>
    <subfield code="p">003596</subfield>
    <subfield code="r">2025-09-03 10:03:05</subfield>
    <subfield code="s">2025-08-15</subfield>
    <subfield code="v">812.50</subfield>
    <subfield code="y">BK</subfield>
  </datafield>
  <datafield tag="952" ind1=" " ind2=" ">
    <subfield code="0">0</subfield>
    <subfield code="1">0</subfield>
    <subfield code="7">0</subfield>
    <subfield code="a">IC</subfield>
    <subfield code="b">IC</subfield>
    <subfield code="c">GEN</subfield>
    <subfield code="d">2015-02-11</subfield>
    <subfield code="g">2380.00</subfield>
    <subfield code="l">40</subfield>
    <subfield code="m">3</subfield>
    <subfield code="o">546 LEE</subfield>
    <subfield code="p">004622</subfield>
    <subfield code="r">2025-09-23 10:45:11</subfield>
    <subfield code="s">2025-09-16</subfield>
    <subfield code="v">812.50</subfield>
    <subfield code="y">BK</subfield>
  </datafield>
  <datafield tag="952" ind1=" " ind2=" ">
    <subfield code="0">0</subfield>
    <subfield code="1">0</subfield>
    <subfield code="7">0</subfield>
    <subfield code="a">IC</subfield>
    <subfield code="b">IC</subfield>
    <subfield code="c">GEN</subfield>
    <subfield code="d">2015-02-11</subfield>
    <subfield code="g">2380.00</subfield>
    <subfield code="l">52</subfield>
    <subfield code="m">5</subfield>
    <subfield code="o">546 LEE</subfield>
    <subfield code="p">003887</subfield>
    <subfield code="r">2026-05-19 07:18:01</subfield>
    <subfield code="s">2026-05-05</subfield>
    <subfield code="v">812.50</subfield>
    <subfield code="y">BK</subfield>
  </datafield>
  <datafield tag="952" ind1=" " ind2=" ">
    <subfield code="0">0</subfield>
    <subfield code="1">0</subfield>
    <subfield code="7">0</subfield>
    <subfield code="8">REF</subfield>
    <subfield code="a">IC</subfield>
    <subfield code="b">IC</subfield>
    <subfield code="c">GEN</subfield>
    <subfield code="d">2015-02-11</subfield>
    <subfield code="g">2380.00</subfield>
    <subfield code="l">0</subfield>
    <subfield code="o">546 LEE</subfield>
    <subfield code="p">004625</subfield>
    <subfield code="r">2015-02-11 00:00:00</subfield>
    <subfield code="v">812.50</subfield>
    <subfield code="y">REF</subfield>
  </datafield>
  <datafield tag="952" ind1=" " ind2=" ">
    <subfield code="0">0</subfield>
    <subfield code="1">0</subfield>
    <subfield code="7">0</subfield>
    <subfield code="a">IC</subfield>
    <subfield code="b">IC</subfield>
    <subfield code="c">GEN</subfield>
    <subfield code="d">2015-02-11</subfield>
    <subfield code="g">2380.00</subfield>
    <subfield code="l">42</subfield>
    <subfield code="m">4</subfield>
    <subfield code="o">546 LEE</subfield>
    <subfield code="p">006365</subfield>
    <subfield code="r">2026-01-16 10:39:32</subfield>
    <subfield code="s">2025-12-21</subfield>
    <subfield code="v">812.50</subfield>
    <subfield code="y">BK</subfield>
  </datafield>
  <datafield tag="952" ind1=" " ind2=" ">
    <subfield code="0">0</subfield>
    <subfield code="1">0</subfield>
    <subfield code="7">0</subfield>
    <subfield code="a">IC</subfield>
    <subfield code="b">IC</subfield>
    <subfield code="c">GEN</subfield>
    <subfield code="d">2015-02-11</subfield>
    <subfield code="g">2380.00</subfield>
    <subfield code="l">42</subfield>
    <subfield code="m">7</subfield>
    <subfield code="o">546 LEE</subfield>
    <subfield code="p">006240</subfield>
    <subfield code="r">2025-12-14 11:54:45</subfield>
    <subfield code="s">2025-11-23</subfield>
    <subfield code="v">812.50</subfield>
    <subfield code="y">BK</subfield>
  </datafield>
  <datafield tag="952" ind1=" " ind2=" ">
    <subfield code="0">0</subfield>
    <subfield code="1">0</subfield>
    <subfield code="7">0</subfield>
    <subfield code="a">IC</subfield>
    <subfield code="b">IC</subfield>
    <subfield code="c">GEN</subfield>
    <subfield code="d">2015-02-11</subfield>
    <subfield code="g">2380.00</subfield>
    <subfield code="l">45</subfield>
    <subfield code="m">6</subfield>
    <subfield code="o">546 LEE</subfield>
    <subfield code="p">006798</subfield>
    <subfield code="r">2026-01-04 12:09:08</subfield>
    <subfield code="s">2025-12-21</subfield>
    <subfield code="v">812.50</subfield>
    <subfield code="y">BK</subfield>
  </datafield>
  <datafield tag="952" ind1=" " ind2=" ">
    <subfield code="0">0</subfield>
    <subfield code="1">0</subfield>
    <subfield code="7">0</subfield>
    <subfield code="a">IC</subfield>
    <subfield code="b">IC</subfield>
    <subfield code="c">GEN</subfield>
    <subfield code="d">2015-02-11</subfield>
    <subfield code="g">2380.00</subfield>
    <subfield code="l">23</subfield>
    <subfield code="m">1</subfield>
    <subfield code="o">546 LEE</subfield>
    <subfield code="p">003888</subfield>
    <subfield code="r">2022-11-17 00:00:00</subfield>
    <subfield code="s">2018-05-20</subfield>
    <subfield code="v">812.50</subfield>
    <subfield code="y">BK</subfield>
  </datafield>
  <datafield tag="952" ind1=" " ind2=" ">
    <subfield code="0">0</subfield>
    <subfield code="1">0</subfield>
    <subfield code="7">0</subfield>
    <subfield code="a">IC</subfield>
    <subfield code="b">IC</subfield>
    <subfield code="c">GEN</subfield>
    <subfield code="d">2015-02-11</subfield>
    <subfield code="g">2380.00</subfield>
    <subfield code="l">30</subfield>
    <subfield code="m">5</subfield>
    <subfield code="o">546 LEE</subfield>
    <subfield code="p">004623</subfield>
    <subfield code="r">2025-10-08 08:15:52</subfield>
    <subfield code="s">2025-09-29</subfield>
    <subfield code="v">812.50</subfield>
    <subfield code="y">BK</subfield>
  </datafield>
  <datafield tag="952" ind1=" " ind2=" ">
    <subfield code="0">0</subfield>
    <subfield code="1">0</subfield>
    <subfield code="7">0</subfield>
    <subfield code="a">IC</subfield>
    <subfield code="b">IC</subfield>
    <subfield code="d">2015-02-11</subfield>
    <subfield code="g">2380.00</subfield>
    <subfield code="l">40</subfield>
    <subfield code="m">4</subfield>
    <subfield code="o">546 LEE</subfield>
    <subfield code="p">004659</subfield>
    <subfield code="r">2025-08-25 12:12:48</subfield>
    <subfield code="s">2025-08-12</subfield>
    <subfield code="v">812.50</subfield>
    <subfield code="w">2015-02-11</subfield>
    <subfield code="y">BK</subfield>
  </datafield>
  <datafield tag="952" ind1=" " ind2=" ">
    <subfield code="0">0</subfield>
    <subfield code="1">0</subfield>
    <subfield code="7">0</subfield>
    <subfield code="8">NFIC</subfield>
    <subfield code="a">IC</subfield>
    <subfield code="b">IC</subfield>
    <subfield code="c">GEN</subfield>
    <subfield code="d">2015-02-15</subfield>
    <subfield code="g">2380.00</subfield>
    <subfield code="l">36</subfield>
    <subfield code="m">7</subfield>
    <subfield code="o">546 LEE</subfield>
    <subfield code="p">005940</subfield>
    <subfield code="r">2025-12-13 10:56:38</subfield>
    <subfield code="s">2025-11-23</subfield>
    <subfield code="v">812.50</subfield>
    <subfield code="w">2015-02-15</subfield>
    <subfield code="y">BK</subfield>
  </datafield>
  <datafield tag="952" ind1=" " ind2=" ">
    <subfield code="0">0</subfield>
    <subfield code="1">0</subfield>
    <subfield code="7">0</subfield>
    <subfield code="a">IC</subfield>
    <subfield code="b">IC</subfield>
    <subfield code="d">2015-02-17</subfield>
    <subfield code="g">2380.00</subfield>
    <subfield code="l">36</subfield>
    <subfield code="m">3</subfield>
    <subfield code="o">546 LEE</subfield>
    <subfield code="p">006367</subfield>
    <subfield code="r">2025-09-08 16:19:01</subfield>
    <subfield code="s">2025-08-27</subfield>
    <subfield code="v">812.50</subfield>
    <subfield code="w">2015-02-17</subfield>
    <subfield code="y">BK</subfield>
  </datafield>
  <datafield tag="952" ind1=" " ind2=" ">
    <subfield code="0">0</subfield>
    <subfield code="1">0</subfield>
    <subfield code="7">0</subfield>
    <subfield code="8">REF</subfield>
    <subfield code="a">IC</subfield>
    <subfield code="b">IC</subfield>
    <subfield code="c">GEN</subfield>
    <subfield code="d">2015-03-14</subfield>
    <subfield code="g">2380.00</subfield>
    <subfield code="l">36</subfield>
    <subfield code="m">7</subfield>
    <subfield code="o">546 LEE</subfield>
    <subfield code="p">006894</subfield>
    <subfield code="r">2025-10-17 08:06:48</subfield>
    <subfield code="s">2025-09-28</subfield>
    <subfield code="v">812.50</subfield>
    <subfield code="w">2015-03-14</subfield>
    <subfield code="y">BK</subfield>
  </datafield>
  <datafield tag="952" ind1=" " ind2=" ">
    <subfield code="0">0</subfield>
    <subfield code="1">0</subfield>
    <subfield code="7">0</subfield>
    <subfield code="8">NFIC</subfield>
    <subfield code="a">IC</subfield>
    <subfield code="b">IC</subfield>
    <subfield code="c">GEN</subfield>
    <subfield code="d">2015-05-29</subfield>
    <subfield code="g">2380.00</subfield>
    <subfield code="l">40</subfield>
    <subfield code="m">5</subfield>
    <subfield code="o">546 LEE</subfield>
    <subfield code="p">004624</subfield>
    <subfield code="r">2025-12-13 10:57:01</subfield>
    <subfield code="s">2025-11-23</subfield>
    <subfield code="v">812.50</subfield>
    <subfield code="w">2015-05-29</subfield>
    <subfield code="y">BK</subfield>
  </datafield>
  <datafield tag="952" ind1=" " ind2=" ">
    <subfield code="0">0</subfield>
    <subfield code="1">0</subfield>
    <subfield code="7">0</subfield>
    <subfield code="8">NFIC</subfield>
    <subfield code="a">IC</subfield>
    <subfield code="b">MLCampus</subfield>
    <subfield code="c">GEN</subfield>
    <subfield code="d">2015-06-03</subfield>
    <subfield code="g">2380.00</subfield>
    <subfield code="l">46</subfield>
    <subfield code="m">6</subfield>
    <subfield code="o">546 LEE</subfield>
    <subfield code="p">006895</subfield>
    <subfield code="q">2026-06-03</subfield>
    <subfield code="r">2026-05-20 04:52:18</subfield>
    <subfield code="s">2026-05-20</subfield>
    <subfield code="v">812.50</subfield>
    <subfield code="w">2015-06-03</subfield>
    <subfield code="y">BK</subfield>
  </datafield>
  <datafield tag="952" ind1=" " ind2=" ">
    <subfield code="0">0</subfield>
    <subfield code="1">0</subfield>
    <subfield code="7">0</subfield>
    <subfield code="8">NFIC</subfield>
    <subfield code="a">IC</subfield>
    <subfield code="b">IC</subfield>
    <subfield code="c">GEN</subfield>
    <subfield code="d">2015-10-19</subfield>
    <subfield code="g">2380.00</subfield>
    <subfield code="l">39</subfield>
    <subfield code="m">2</subfield>
    <subfield code="o">546 LEE</subfield>
    <subfield code="p">005487</subfield>
    <subfield code="r">2025-09-21 10:16:16</subfield>
    <subfield code="s">2025-09-06</subfield>
    <subfield code="v">812.50</subfield>
    <subfield code="w">2015-10-19</subfield>
    <subfield code="y">BK</subfield>
  </datafield>
  <datafield tag="952" ind1=" " ind2=" ">
    <subfield code="0">0</subfield>
    <subfield code="1">0</subfield>
    <subfield code="7">0</subfield>
    <subfield code="8">NFIC</subfield>
    <subfield code="a">IC</subfield>
    <subfield code="b">IC</subfield>
    <subfield code="c">GEN</subfield>
    <subfield code="d">2016-01-30</subfield>
    <subfield code="g">2380.00</subfield>
    <subfield code="l">41</subfield>
    <subfield code="m">4</subfield>
    <subfield code="o">546 LEE</subfield>
    <subfield code="p">007022</subfield>
    <subfield code="r">2026-05-21 02:10:37</subfield>
    <subfield code="s">2026-05-10</subfield>
    <subfield code="v">812.50</subfield>
    <subfield code="w">2016-01-30</subfield>
    <subfield code="y">BK</subfield>
  </datafield>
  <datafield tag="952" ind1=" " ind2=" ">
    <subfield code="0">0</subfield>
    <subfield code="1">0</subfield>
    <subfield code="7">0</subfield>
    <subfield code="8">NFIC</subfield>
    <subfield code="a">IC</subfield>
    <subfield code="b">IC</subfield>
    <subfield code="c">GEN</subfield>
    <subfield code="d">2016-01-30</subfield>
    <subfield code="g">2380.00</subfield>
    <subfield code="l">42</subfield>
    <subfield code="m">2</subfield>
    <subfield code="o">546 LEE</subfield>
    <subfield code="p">007023</subfield>
    <subfield code="r">2025-12-13 10:53:59</subfield>
    <subfield code="s">2025-11-23</subfield>
    <subfield code="v">812.50</subfield>
    <subfield code="w">2016-01-30</subfield>
    <subfield code="y">BK</subfield>
  </datafield>
  <datafield tag="952" ind1=" " ind2=" ">
    <subfield code="0">0</subfield>
    <subfield code="1">0</subfield>
    <subfield code="7">0</subfield>
    <subfield code="8">NFIC</subfield>
    <subfield code="a">IC</subfield>
    <subfield code="b">IC</subfield>
    <subfield code="c">GEN</subfield>
    <subfield code="d">2016-03-05</subfield>
    <subfield code="g">2380.00</subfield>
    <subfield code="l">34</subfield>
    <subfield code="m">6</subfield>
    <subfield code="o">546 LEE</subfield>
    <subfield code="p">007061</subfield>
    <subfield code="r">2025-12-13 07:43:52</subfield>
    <subfield code="s">2025-11-21</subfield>
    <subfield code="v">812.50</subfield>
    <subfield code="w">2016-03-05</subfield>
    <subfield code="y">BK</subfield>
  </datafield>
  <datafield tag="952" ind1=" " ind2=" ">
    <subfield code="0">0</subfield>
    <subfield code="1">0</subfield>
    <subfield code="7">0</subfield>
    <subfield code="8">NFIC</subfield>
    <subfield code="a">IC</subfield>
    <subfield code="b">IC</subfield>
    <subfield code="c">GEN</subfield>
    <subfield code="d">2018-07-12</subfield>
    <subfield code="g">2380.00</subfield>
    <subfield code="l">13</subfield>
    <subfield code="m">2</subfield>
    <subfield code="o">546 LEE</subfield>
    <subfield code="p">006512</subfield>
    <subfield code="r">2025-11-03 13:16:41</subfield>
    <subfield code="s">2025-10-27</subfield>
    <subfield code="v">812.50</subfield>
    <subfield code="w">2018-07-12</subfield>
    <subfield code="y">BK</subfield>
  </datafield>
  <datafield tag="952" ind1=" " ind2=" ">
    <subfield code="0">0</subfield>
    <subfield code="1">0</subfield>
    <subfield code="7">0</subfield>
    <subfield code="8">NFIC</subfield>
    <subfield code="a">IC</subfield>
    <subfield code="b">IC</subfield>
    <subfield code="c">GEN</subfield>
    <subfield code="d">2018-10-01</subfield>
    <subfield code="g">2380.00</subfield>
    <subfield code="l">8</subfield>
    <subfield code="o">546 LEE</subfield>
    <subfield code="p">003885</subfield>
    <subfield code="r">2025-10-10 12:36:20</subfield>
    <subfield code="s">2025-09-28</subfield>
    <subfield code="v">812.50</subfield>
    <subfield code="w">2018-10-01</subfield>
    <subfield code="y">BK</subfield>
  </datafield>
  <datafield tag="952" ind1=" " ind2=" ">
    <subfield code="0">0</subfield>
    <subfield code="1">0</subfield>
    <subfield code="7">0</subfield>
    <subfield code="8">NFIC</subfield>
    <subfield code="a">IC</subfield>
    <subfield code="b">IC</subfield>
    <subfield code="c">GEN</subfield>
    <subfield code="d">2018-12-17</subfield>
    <subfield code="g">2380.00</subfield>
    <subfield code="l">27</subfield>
    <subfield code="m">2</subfield>
    <subfield code="o">546 LEE</subfield>
    <subfield code="p">006320</subfield>
    <subfield code="r">2026-05-06 06:59:14</subfield>
    <subfield code="s">2026-04-10</subfield>
    <subfield code="v">812.50</subfield>
    <subfield code="w">2018-12-17</subfield>
    <subfield code="y">BK</subfield>
  </datafield>
  <datafield tag="952" ind1=" " ind2=" ">
    <subfield code="0">0</subfield>
    <subfield code="1">0</subfield>
    <subfield code="7">0</subfield>
    <subfield code="8">NFIC</subfield>
    <subfield code="a">IC</subfield>
    <subfield code="b">IC</subfield>
    <subfield code="c">GEN</subfield>
    <subfield code="d">2019-01-07</subfield>
    <subfield code="g">2380.00</subfield>
    <subfield code="l">24</subfield>
    <subfield code="m">2</subfield>
    <subfield code="o">546 LEE</subfield>
    <subfield code="p">007343</subfield>
    <subfield code="r">2026-05-19 09:37:54</subfield>
    <subfield code="s">2026-05-19</subfield>
    <subfield code="v">812.50</subfield>
    <subfield code="w">2019-01-07</subfield>
    <subfield code="y">BK</subfield>
  </datafield>
  <datafield tag="952" ind1=" " ind2=" ">
    <subfield code="0">0</subfield>
    <subfield code="1">0</subfield>
    <subfield code="7">0</subfield>
    <subfield code="8">NFIC</subfield>
    <subfield code="a">IC</subfield>
    <subfield code="b">IC</subfield>
    <subfield code="c">GEN</subfield>
    <subfield code="d">2019-01-16</subfield>
    <subfield code="g">2380.00</subfield>
    <subfield code="l">28</subfield>
    <subfield code="m">5</subfield>
    <subfield code="o">546 LEE</subfield>
    <subfield code="p">007355</subfield>
    <subfield code="r">2026-04-07 06:03:42</subfield>
    <subfield code="s">2026-03-24</subfield>
    <subfield code="v">812.50</subfield>
    <subfield code="w">2019-01-16</subfield>
    <subfield code="y">BK</subfield>
  </datafield>
  <datafield tag="952" ind1=" " ind2=" ">
    <subfield code="0">0</subfield>
    <subfield code="1">0</subfield>
    <subfield code="7">0</subfield>
    <subfield code="8">NFIC</subfield>
    <subfield code="a">IC</subfield>
    <subfield code="b">MLCampus</subfield>
    <subfield code="d">2025-11-01</subfield>
    <subfield code="e">Donation - Mr I Weeraman (164670)</subfield>
    <subfield code="g">5000.00</subfield>
    <subfield code="h">5th ed.</subfield>
    <subfield code="l">5</subfield>
    <subfield code="m">3</subfield>
    <subfield code="o">546 LEE</subfield>
    <subfield code="p">007667</subfield>
    <subfield code="r">2026-05-25 06:53:49</subfield>
    <subfield code="s">2026-05-04</subfield>
    <subfield code="w">2025-11-11</subfield>
    <subfield code="y">BK</subfield>
  </datafield>
  <datafield tag="952" ind1=" " ind2=" ">
    <subfield code="0">0</subfield>
    <subfield code="1">0</subfield>
    <subfield code="7">0</subfield>
    <subfield code="a">IC</subfield>
    <subfield code="b">IC</subfield>
    <subfield code="c">GEN</subfield>
    <subfield code="d">2025-12-23</subfield>
    <subfield code="e">Donation - Mr Ashvin Fernando</subfield>
    <subfield code="g">5000.00</subfield>
    <subfield code="h">5th ed.</subfield>
    <subfield code="l">0</subfield>
    <subfield code="o">546  LEE</subfield>
    <subfield code="p">007710</subfield>
    <subfield code="r">2026-01-03 15:06:42</subfield>
    <subfield code="w">2026-01-03</subfield>
    <subfield code="y">BK</subfield>
  </datafield>
</record>
